000 00388nam a2200157Ia 4500
008 230711s9999||||xx |||||||||||||| ||und||
020 _a978-81-7223-124-8
041 _aENG
082 _a800
_bRA-P
100 _aRadhakrishnan,S
245 4 _aThe principal UPANISADS
260 _c2011
_aNew Delhi
_bHarperCollins Publishers India
300 _a958
650 _aLiterature
942 _cBK
999 _c5234
_d5234